Loading...
| Current Events | 2 | 15.00 | 100% | 50% | 0% |
| Fine Arts - Classical Music | 8 | 17.50 | 100% | 75% | 0% |
| Fine Arts - Other | 7 | 24.29 | 100% | 100% | 43% |
| Fine Arts - Painting and Sculpture | 8 | 17.50 | 100% | 63% | 13% |
| Geography | 2 | 20.00 | 100% | 50% | 50% |
| History - American | 8 | 17.50 | 100% | 75% | 0% |
| History - European | 7 | 21.43 | 100% | 86% | 29% |
| History - Other | 8 | 17.50 | 88% | 75% | 13% |
| History - World | 6 | 15.00 | 100% | 33% | 17% |
| Literature - American | 6 | 28.33 | 100% | 100% | 83% |
| Literature - British | 7 | 24.29 | 100% | 86% | 57% |
| Literature - European | 6 | 25.00 | 100% | 100% | 50% |
| Literature - World | 5 | 24.00 | 100% | 100% | 40% |
| Mythology | 6 | 21.67 | 100% | 100% | 17% |
| Other Academic | 2 | 25.00 | 100% | 100% | 50% |
| Philosophy | 8 | 20.00 | 100% | 63% | 38% |
| Pop Culture | 1 | 30.00 | 100% | 100% | 100% |
| Religion | 7 | 20.00 | 100% | 57% | 43% |
| Science - Biology | 6 | 11.67 | 100% | 17% | 0% |
| Science - Chemistry | 7 | 15.71 | 100% | 43% | 14% |
| Science - Other | 7 | 12.86 | 100% | 29% | 0% |
| Science - Physics | 5 | 8.00 | 60% | 20% | 0% |
| Social Science | 5 | 14.00 | 100% | 40% | 0% |